000 01407nam a2200205 a 4500
008 190916s2015 a ||||gr|||| 000 f spa d
020 _a9789504936732
041 _aspa
092 _c808
_l26
_sFON
100 1 _aFontanarrosa, Roberto.
_94089
245 3 _aTe digo más...y otros cuentos /
_cRoberto Fontanarrosa
250 _a2a ed.
260 _aBuenos Aires:
_bPlaneta;
_c2015.
300 _a304 p.
_b21x13cm
500 _aFontanarrosa, R. (2015). Te digo mas...y otros cuentos. (2a ed.). Buenos Aires : Planeta.
505 _a"Porque, decime vos, qué carajo tiene que ver con nosotros y con nuestra costumbres el Papá Noél. ¿Quién le dio chapa al Papá Noél? Un tipo vestido para la nieve, abrigado como para ir a la Antártida, en un trineo tirado por renos. ¡Renos, mi querido! ¿Cuándo mierda hemos visto un reno nosotros?". Al Gordo Luis lo despidieron de su trabajo. Cerca de la Navidad acepta una changa para disfrazarse de Papá Noél. Con un calor exacerbante, el Gordo empieza a sudar la gota gorda. Hasta que una vecina le alcanza una jarra con una bebida que parece ser limonada, pero resulta ser vino blanco... "Te digo más" es uno de los veintiséis relatos que integran este volumen. Entre ellos, "Un barrio sin guapos" y "Mamá", uno de los cuentos más celebrados de Fontanarrosa.
590 _aDonación septiembre 2019.
655 _aLiteratura
_92917
942 _2ddc
_cLIT
999 _c3044
_d3044